000
00301nam a22001217a 4500
020
_a
9788189729967
082
_a
624.151
_b
RED/SO
245
_a
Soil engineering: Testing, Design, and Remediation
260
_a
New Delhi
_b
Gene-tech books
_c
2010
300
_a
272 p
700
_a
Reddy, S.N
942
_c
BK
999
_c
13758
_d
13758